Normal view
MARC view
- الشعر العربي - فلسطين - تاريخ ونقد - قرن 20، الشعراء الفسطينون - تراجم، ابراهيم عبد الفتاح طوقان 1905 -1941م
Entry Topical Term
001 - CONTROL NUMBER
- control field: 49957
003 - CONTROL NUMBER IDENTIFIER
- control field: JO-AjAnu
005 - DATE AND TIME OF LATEST TRANSACTION
- control field: 20230606082228.0
008 - FIXED-LENGTH DATA ELEMENTS
- fixed length control field: 230606|| aca||aabn | a|a d
040 ## - CATALOGING SOURCE
- Original cataloging agency: JO-AjAnu
- Transcribing agency: JO-AjAnu
150 ## - HEADING--TOPICAL TERM
- Topical term or geographic name entry element: الشعر العربي - فلسطين - تاريخ ونقد - قرن 20، الشعراء الفسطينون - تراجم، ابراهيم عبد الفتاح طوقان 1905 -1941م
670 ## - SOURCE DATA FOUND
- Source citation: Work cat.: (JO-AjAnu)25543: عبد الحميد، فراس, author 49956, روائع الشاعر الفلسطيني: إبراهيم طوقان: حياته - روائع من شعره